45 lieux de Toulouse en images - Difficile - Statistiques

Statistiques générales
  • Ce quiz a été pris 168 fois
  • Le résultat moyen est 23 sur 45
Statistiques - réponses
Par images Réponse % Correct
Cité de l'espace
93%
Gare {de Toulouse-Matabiau}
91%
Place du {Capitole}
91%
Pont {Neuf}
91%
Canal {du Midi}
90%
Basilique {Saint-Sernin}
86%
Place {Saint-Pierre}
86%
Jardin {japonais Pierre-Baudis}
84%
Aéroport Toulouse-Blagnac
79%
Couvent des {Jacobins}
77%
Quai {de la Daurade}
76%
Stadium de Toulouse
75%
Hippodrome de Toulouse
70%
Colline de {Pech David}
67%
Marché {Victor Hugo}
67%
Statue {Claude Nougaro}
66%
Pont {Saint-Pierre}
64%
Musée {des Augustins}
63%
Grand Rond
61%
Halle de la Machine
61%
Les Abattoirs
60%
Médiathèque José Cabanis
60%
Muséum de Toulouse
60%
{Zénith} Toulouse Métropole
59%
Prairie Des Filtres
56%
Cathédrale {Saint-Étienne de Toulouse}
49%
Chapelle Saint Joseph de {La Grave}
45%
Hôtel-{Dieu Saint-Jacques}
39%
Halle aux Grains
37%
Le Castelet
36%
Pont des {Catalans}
36%
Canal {de Brienne}
33%
Cimetière de Terre Cabade
27%
Jardin {Pierre Goudouli}
27%
Hôtel d’{Assézat}
26%
Église {Saint-Aubin de Toulouse}
25%
Église {Notre-Dame-du-Taur de Toulouse}
23%
Galerie Le Château d'Eau
23%
Basilique {Notre-Dame de la Daurade}
22%
Pont {Saint-Michel}
22%
Jardin {Royal}
16%
Musée {des Arts Précieux Paul-Dupuy}
8%
Pont du {Halage de Tounis}
5%
Eglise {du Gesù}
4%
Cloître {des Chartreux}
3%
Aucun quiz correspondant
Distribution des résultats
% des personnes avec chaque résultat
Percentile par nombre de réponses
Votre historique - résultats
Vous n’avez pas pris ce quiz